Quizzes
Events
Quiz Creation
Community
Videos
Private Events
Remove Ads
Sign In
Join for FREE
Feedback
Dark Mode
Quiz Categories
Sports
Geography
Music
Movies
Television
Just For Fun
Miscellaneous
History
Literature
Language
Science
Gaming
Entertainment
Religion
Holiday
For Kids
Quiz Lab
Recent
Popular Today
Quiz Kudos Today
Editor Picks
Curator Picks
Quizzes by...
Day
Popularity
Type
Ratings
Length
Year
Community
Subscriptions
Recent Discussions
Orange Saloon
Badges
Playlists
Quests
Create
Leaderboards
Showdown
Live 5
Trivia Bingo
Activity
Puzzle Library
Sporcle Events
Private Events
Virtual Trivia
Globe League
Become a Host
Pub Owners
SporcleCon
Opinionation
Our Games
Videos
Blog
Mobile Apps
Partnerships
Remove Ads and Go Orange
Feedback
Geography
Country
Landmarks
City
State
Population
World
Capital
Continent
Flags
Europe
Africa
Asia
South America
North America
Oceania
Border
Canada
United Kingdom
Topography
United States
Geography
Country
Landmarks
City
State
Population
World
Capital
Continent
Flags
Europe
Africa
Asia
South America
North America
Oceania
Border
Canada
United Kingdom
Topography
United States
Random Quiz
Search Sporcle
×
Quiz Lab
Quiz Lab
Geography
City
Type in answers that appear in a list
Type in answers that appear in a list
Classic
Best Score? Go Orange.
Cities over 10 million Stats
Can you name the Cities that have a population of over 10 million?
By
hero
5m
25 Questions
622 Plays
622 Plays
622 Plays
Comments
Comments
Give Quiz Kudos
Give Quiz Kudos
-
- Ratings
hide this ad
Replay
Link that replays current quiz
Next Quiz
Link to next quiz in quiz playlist
You Got
0%
They Got
Avg Score
76%
Avg Friend Score
Upgrade to see
Score Distribution
Jump to the score distribution portion of the page
Score
0/25
Timer
05:00
0
Plays Today
population
city
% Correct
21,900,000
New York City
97.1%
33,800,000
Tokyo
96.8%
13,200,000
Beijing
93.4%
18,000,000
Los Angeles
91%
13,500,000
Moscow
89.2%
22,900,000
Mexico City
88.4%
12,300,000
London
88.3%
17,900,000
Shanghai
86.2%
22,300,000
Mumbai
84.9%
12,500,000
Rio de Janeiro
80.5%
23,900,000
Seoul
78.1%
21,000,000
Sao Paulo
78%
14,800,000
Cairo
77.5%
population
city
% Correct
22,400,000
Delhi
76.7%
14,100,000
Buenos Aires
76.5%
15,100,000
Jakarta
75.9%
12,500,000
Istanbul
71.4%
11,400,000
Lagos
68.2%
16,000,000
Kolkata
65.9%
16,700,000
Osaka
65.3%
12,500,000
Tehran
64.8%
19,200,000
Manila
64.1%
15,700,000
Karachi
60.6%
13,100,000
Dhaka
56.8%
15,300,000
Guangzhou
40.8%
Quiz Playlist
Details
Report
Send in Message
Add To Playlist
Classic:
Type in answers that appear in a list
Last Updated: Feb 16, 2017
Quiz Scoreboard
CHALLENGE
Sign Up to Join the Scoreboard
Show All
Scores
Hide
Comments
May contain spoilers
Recently Published
Pick 6: Fruits
by JohnFran
Miscellaneous
15s
Click the 1999 NBA Draft
by nibperrychub
Sports
2m
Alphabetical 'K' Countries by Flag Minefield
by ylime102
Geography
3m
More to Explore
Quiz From the Vault
Featured Blog Post
15 Basketball Trivia Facts You Can Be March Mad About
hide this ad
You Might Also Like...
Tags
City Quiz
Country Quiz
Population Quiz
million
Today's Top Quizzes in Geography
Browse Geography
hide this ad
Today's Top Quizzes in City
Browse City
Top Contributed Quizzes in Geography
1
Countries of the World - No Outlines Minefield
2
Pick 6: Mountains
3
Alphabetical 'L' Countries By Flag Minefield
4
Lietuvos savivaldybės (Lithuanian Municipalities)
5
Least Populated Answer: 'G' Countries
6
African Flag Reveal XXXVI
7
Pick 6: US States
8
Pick 6: National Parks
9
Alphabetical 'M' Countries By Flag Minefield
10
Complete the Map Snippet (Minefield) IX
Explore More
Trending Topics
Disney
Harry Potter
Kpop
Crossword
Marvel
Anime
NBA
Soccer
Puzzle
Song
Pokémon
NFL
The Office
WWE
Country
hide this ad
More By:
hero
Quiz
Plays
Rating
Category
Featured
Created
Most Northern Countries by Continent
89,804
4.28
Geography
Oct 18, 2009
Southern Countries by Continent
87,832
3.98
Geography
Nov 1, 2009
GLEE characters
2,636
2.63
Television
Oct 1, 2009
Pacific Bordering Countries
1,472
3.17
Geography
Dec 29, 2009
Countries over 100 million
1,223
2.59
Geography
Dec 19, 2009
Go to Creator's Profile
Score Distribution
Quiz Creator Spotlight
hero
Follow
Send a Message
Quizzes Created
-
Created Quiz Play Count
-
More By This Creator
Popular Quizzes Today
1
Countries of Asia Without Outlines Minefield
2
Find the US States - No Outlines Minefield
3
Pick 6: Fruits
4
Alphabetical 'K' Countries by Flag Minefield
5
The Countries of the World
6
Find the US States
7
Match the Book to the Film X
8
US States
More Geography Quizzes
African Capitals Armageddon!
Published
Trending Quizzes
Pick 6: Harry Potter
Pick 6: Mountains
Pick 6: NFL Teams
Pick 6: Movie Franchises
Pick 6: Golfers
Recently Updated
NWSL Teams
pecheneg
Women's Final Four Teams by Year
bhenderson79
Presidents Quartet II
eogle
Anything But Clue(do)
eogle
Anything But Oceanian Capitals
eogle
Anything But 7
eogle
Anything But Thing
eogle
Word Ladder: February 29
pecheneg
Song Title Questions
pecheneg
Women's NCAA Tournament #1 Seeds
pecheneg
Trending Topics
Crossword
NBA
Disney
Harry Potter
Anime
Kpop
Marvel
NFL
Soccer
The Office
Puzzle
WWE
Song
Country
Pokémon
Your Account Isn't Verified!
In order to create a playlist on Sporcle, you need to verify the email address you used during registration. Go to your
Sporcle Settings
to finish the process.
Report this User
Report this user for behavior that violates our
Community Guidelines
.
Details:
Send Report
Go to the Sporcle.com Mobile Site →
Comments